000 01377nam0a22003371 4500
001 v19\rc\1800634
005 20250619122420.0
035 _a(NLR Aleph) 004901862
090 _a5383442
_c5383442
100 _a20071130d1907 |||y0rusy50 ca
101 0 _arus
102 _aRU
105 _ay z |||a|
200 1 _aГрехи родителей
_e[Рассказ]
210 _aМосква
_cтипо-лит. И. Ефимова
_dценз. 1907
215 _a16 с.
_d17
225 1 _aНародная библиотека "Кормчего"
_vКн. 88
309 _aБез тит. л.
311 _aБеспл. прил. к журн. "Кормчий"
327 1 _aСодерж.: Грехи родителей / Е.Р. Что посеешь, то и пожнешь / Т. Молебнов
422 0 _12001#$aКормчий
_tКормчий
464 0 _12001#$aГрехи родителей$fЕ.Р.
_1700#0$aЕ. Р.
_tГрехи родителей
_aЕ. Р.
464 0 _12001#$aЧто посеешь, то и пожнешь$fИ. Молебнов
_1700#1$aМолебнов$bИ.
_tЧто посеешь, то и пожнешь
_aМолебнов, И.
701 0 _aЕ. Р.
801 0 _aRU
_bNLR
_gpsbo
801 0 _aRU
_bRuMoRGB
_2psbo
801 1 _aRU
_bProSoft-M
_2rusmarc
852 _aNLR
_j6/107
899 _aRuMoRGB
_jD 53/111 (кн. 88)
942 _cBOOK
980 _aNB